[Event "Gibraltar Challengers A"]
[Site "Gibraltar"]
[Date "2020.01.20"]
[Round "1.16"]
[White "Adewole, Adeyinka"]
[Black "Nebel, Jens"]
[Result "0-1"]
[WhiteElo "1941"]
[BlackElo "2168"]
[PlyCount "46"]
[EventDate "2020.01.20"]
[EventType "swiss"]
[EventRounds "5"]
[EventCountry "GGB"]
[SourceTitle "BritBase"]
[Source "John Saunders"]
[SourceDate "2021.06.05"]
[SourceVersion "1"]
[SourceVersionDate "2021.06.05"]
[SourceQuality "1"]

1. c4 Nf6 2. Nc3 g6 3. e4 d6 4. d4 Bg7 5. Bg5 O-O 6. Qd2 c5 7. d5 Re8 8. f4 e6
9. dxe6 Rxe6 10. O-O-O Qe8 11. Bxf6 Bxf6 12. Nb5 Qe7 13. Nxd6 Nc6 14. e5 Rxe5
15. Ne8 Re4 16. Nxf6+ Qxf6 17. g3 Bg4 18. Qg2 Rae8 19. Bd3 Re3 20. Nh3 Bf3 21.
Qd2 Nb4 22. Bb1 Bxh1 23. Rxh1 Qe6 0-1

[Event "Gibraltar Challengers A"]
[Site "Gibraltar"]
[Date "2020.01.20"]
[Round "1.21"]
[White "Royset, Pal"]
[Black "Gostelow, David W"]
[Result "1-0"]
[WhiteElo "2151"]
[BlackElo "1901"]
[PlyCount "51"]
[EventDate "2020.01.20"]
[EventType "swiss"]
[EventRounds "5"]
[EventCountry "GGB"]
[SourceTitle "BritBase"]
[Source "John Saunders"]
[SourceDate "2021.06.05"]
[SourceVersion "1"]
[SourceVersionDate "2021.06.05"]
[SourceQuality "1"]

1. e4 c5 2. Nc3 e6 3. Nf3 d5 4. Bb5+ Nc6 5. O-O dxe4 6. Nxe4 Nf6 7. Qe2 Bd7 8.
d3 a6 9. Bxc6 Bxc6 10. b3 Be7 11. Bb2 O-O 12. Ne5 Bxe4 13. dxe4 Qc7 14. f4 Rfd8
15. c4 Qa5 16. Qf3 h6 17. g4 Nh7 18. g5 hxg5 19. Nxf7 Rf8 20. Ne5 Rxf4 21. Qh3
Qb6 22. Ng6 Rxf1+ 23. Rxf1 Bf8 24. Rd1 Rd8 25. Rxd8 Qxd8 26. Qxe6# 1-0

[Event "Gibraltar Challengers A"]
[Site "Gibraltar"]
[Date "2020.01.20"]
[Round "1.22"]
[White "Tranter, Stephen"]
[Black "Voiteanu, Gabriel"]
[Result "0-1"]
[WhiteElo "1899"]
[BlackElo "2133"]
[PlyCount "75"]
[EventDate "2020.01.20"]
[EventType "swiss"]
[EventRounds "5"]
[EventCountry "GGB"]
[SourceTitle "BritBase"]
[Source "John Saunders"]
[SourceDate "2021.06.05"]
[SourceVersion "1"]
[SourceVersionDate "2021.06.05"]
[SourceQuality "1"]

1. e4 d6 2. Bc4 Nf6 3. Nc3 e5 4. Nf3 Be7 5. d3 Nc6 6. h3 Na5 7. Bb5+ c6 8. Ba4
b5 9. Bb3 O-O 10. Bg5 Bb7 11. Qe2 Nd7 12. Bxe7 Qxe7 13. Nd1 d5 14. Ne3 dxe4 15.
dxe4 Nc5 16. Nf5 Qf6 17. g4 Naxb3 18. axb3 Ne6 19. g5 Nxg5 20. Rg1 Ne6 21. Qe3
c5 22. O-O-O Rad8 23. Rxd8 Rxd8 24. Nh2 Kf8 25. h4 Nd4 26. Ng4 Qg6 27. Rg3 Qa6
28. Kb1 Nxf5 29. Qxc5+ Kg8 30. Rd3 Rxd3 31. cxd3 Nxh4 32. Qxe5 Ng6 33. Qe8+ Nf8
34. Ne5 Qe6 35. Qb8 f6 36. Nf3 Bxe4 37. Nd4 Bxd3+ 38. Kc1 0-1

[Event "Gibraltar Challengers A"]
[Site "Gibraltar"]
[Date "2020.01.21"]
[Round "2.4"]
[White "Voiteanu, Gabriel"]
[Black "Piasetski, Leon"]
[Result "0-1"]
[WhiteElo "2133"]
[BlackElo "2219"]
[PlyCount "79"]
[EventDate "2020.01.20"]
[EventType "swiss"]
[EventRounds "5"]
[EventCountry "GGB"]
[SourceTitle "BritBase"]
[Source "John Saunders"]
[SourceDate "2021.06.05"]
[SourceVersion "1"]
[SourceVersionDate "2021.06.05"]
[SourceQuality "1"]

1. d4 Nf6 2. c4 e6 3. Nc3 Bb4 4. e3 b6 5. Bd3 Bb7 6. Nge2 Bxg2 7. Rg1 Be4 8. a3
Bxd3 9. Qxd3 Bf8 10. e4 d6 11. f4 Nbd7 12. Be3 e5 13. O-O-O c6 14. Kb1 Qc7 15.
fxe5 dxe5 16. d5 g6 17. dxc6 Qxc6 18. Nd5 Rc8 19. Rgf1 Bg7 20. Rc1 Qe6 21. Nec3
O-O 22. Nb5 Nxd5 23. cxd5 Qh3 24. Rxc8 Rxc8 25. Nxa7 Ra8 26. Nc6 Nc5 27. Ne7+
Kh8 28. Qe2 Nxe4 29. Rxf7 Nd6 30. Rf1 Qh4 31. Nc6 Qe4+ 32. Ka1 Qxd5 33. Rc1 e4
34. Nb4 Qb3 35. Kb1 Nb5 36. Rc6 Nxa3+ 37. Kc1 Qxb4 38. bxa3 Qxa3+ 39. Kd1 Qb3+
40. Qc2 0-1

[Event "Gibraltar Challengers A"]
[Site "Gibraltar"]
[Date "2020.01.21"]
[Round "2.9"]
[White "Galvan, Jesus"]
[Black "Ungureanu, Sandu"]
[Result "0-1"]
[WhiteElo "2180"]
[BlackElo "2066"]
[PlyCount "104"]
[EventDate "2020.01.20"]
[EventType "swiss"]
[EventRounds "5"]
[EventCountry "GGB"]
[SourceTitle "BritBase"]
[Source "John Saunders"]
[SourceDate "2021.06.05"]
[SourceVersion "1"]
[SourceVersionDate "2021.06.05"]
[SourceQuality "1"]

1. d4 d5 2. c4 dxc4 3. e3 c5 4. Bxc4 cxd4 5. Nf3 Nc6 6. exd4 e6 7. O-O Nf6 8.
Nc3 Be7 9. Qe2 O-O 10. Rd1 Nb4 11. Ne5 a6 12. a3 Nbd5 13. Rd3 b5 14. Bb3 Bb7
15. Rh3 Nxc3 16. bxc3 Be4 17. Bg5 Bf5 18. Nc6 Qc7 19. Nxe7+ Qxe7 20. Rg3 Rfd8
21. Qe5 Kf8 22. d5 h6 23. Bh4 g5 24. Rxg5 hxg5 25. Bxg5 Kg7 26. Re1 Rh8 27.
Qxf5 exf5 28. Rxe7 Rhe8 29. Re3 Rxe3 30. Bxe3 Rd8 31. Bd4 Kg6 32. Bc2 Rxd5 33.
f3 Ne8 34. g4 Nd6 35. h4 f6 36. Kf2 Kf7 37. h5 fxg4 38. fxg4 Rg5 39. Bg6+ Ke6
40. Kf3 Nc4 41. Kf4 Nxa3 42. Be4 Nc4 43. h6 Nd6 44. h7 Nf7 45. Bf5+ Ke7 46.
Bc5+ Ke8 47. Bf2 Kf8 48. Bh4 Kg7 49. Be6 Nd8 50. Bg8 Nb7 51. Bf2 Nc5 52. Bd4
Nd3+ 0-1

[Event "Gibraltar Challengers A"]
[Site "Gibraltar"]
[Date "2020.01.21"]
[Round "2.11"]
[White "Bengherabi, Khalil"]
[Black "Zulkipli, Zaidan"]
[Result "1-0"]
[WhiteElo "2106"]
[BlackElo "2174"]
[PlyCount "79"]
[EventDate "2020.01.20"]
[EventType "swiss"]
[EventRounds "5"]
[EventCountry "GGB"]
[SourceTitle "BritBase"]
[Source "John Saunders"]
[SourceDate "2021.06.05"]
[SourceVersion "1"]
[SourceVersionDate "2021.06.05"]
[SourceQuality "1"]

1. e4 e5 2. Nf3 Nc6 3. d4 exd4 4. Nxd4 Nxd4 5. Qxd4 Ne7 6. Nc3 Nc6 7. Qe3 Bb4
8. Bd2 d6 9. Qg3 O-O 10. O-O-O Kh8 11. f4 f5 12. Bc4 fxe4 13. Nxe4 Bxd2+ 14.
Rxd2 Bf5 15. Ng5 Qf6 16. Re1 h6 17. Ne4 Bxe4 18. Rxe4 Rae8 19. Rde2 Rd8 20. Bd5
Nd4 21. Rd2 Nf5 22. Qf2 c6 23. Re6 Qh4 24. g3 Qh3 25. Bb3 d5 26. Re5 Nd6 27.
Rde2 Ne4 28. Qg1 Qg4 29. Re1 Rxf4 30. Qxa7 Rf5 31. Rxf5 Qxf5 32. Qxb7 Qg5+ 33.
Kb1 Qe5 34. Rc1 Qg5 35. Rd1 Qg4 36. Rc1 Qg5 37. Rd1 Qf6 38. a4 Qd6 39. Ka2 Rb8
40. Qa7 1-0

[Event "Gibraltar Challengers A"]
[Site "Gibraltar"]
[Date "2020.01.21"]
[Round "2.12"]
[White "Mihajlov, Svetoslav"]
[Black "Raghav, Srivathsav V"]
[Result "1-0"]
[WhiteElo "2173"]
[BlackElo "2023"]
[PlyCount "124"]
[EventDate "2020.01.20"]
[EventType "swiss"]
[EventRounds "5"]
[EventCountry "GGB"]
[SourceTitle "BritBase"]
[Source "John Saunders"]
[SourceDate "2021.06.05"]
[SourceVersion "1"]
[SourceVersionDate "2021.06.05"]
[SourceQuality "1"]

1. d4 Nf6 2. c4 g6 3. Nc3 Bg7 4. e4 d6 5. Nf3 O-O 6. h3 e5 7. d5 a5 8. Bg5 Na6
9. Be2 Nc5 10. Qc2 h6 11. Be3 Nfd7 12. g4 c6 13. h4 cxd5 14. cxd5 a4 15. h5 g5
16. Nd2 Re8 17. O-O Bf8 18. f3 b6 19. b4 axb3 20. axb3 Na6 21. Nb5 Bb7 22. Nc4
Ndc5 23. Qc3 Nc7 24. Rxa8 Nxa8 25. b4 Na6 26. Ra1 N6c7 27. Na7 Ba6 28. Qb2 b5
29. Nc6 Qc8 30. N4a5 Qd7 31. Bd3 Bg7 32. Qe2 Nxd5 33. exd5 e4 34. Bxe4 Bxa1 35.
Bf5 Qc7 36. Qf2 Rxe3 37. Qxe3 Qb6 38. Kf2 Kf8 39. Ke2 Qxe3+ 40. Kxe3 Nb6 41.
Be4 Bc3 42. Kd3 Be1 43. Nb3 Nc4 44. Nbd4 Ne5+ 45. Nxe5 dxe5 46. Nf5 Bxb4 47.
Nxh6 Bc5 48. Kc2 Bc8 49. Nf5 Kg8 50. Ng3 Kg7 51. Bf5 Bb7 52. Ne4 Be7 53. Bd7
Bxd5 54. Bxb5 Bxe4+ 55. fxe4 Bf8 56. Kd3 Kf6 57. Kc4 Bh6 58. Kd5 Bf8 59. Be8
Bg7 60. Kd6 Bf8+ 61. Kd7 Bh6 62. Kd8 Ke6 1-0

[Event "Gibraltar Challengers A"]
[Site "Gibraltar"]
[Date "2020.01.21"]
[Round "2.19"]
[White "Hari, Charan Sai Kalluri"]
[Black "Hamer, Martyn"]
[Result "0-1"]
[WhiteElo "1836"]
[BlackElo "2069"]
[PlyCount "67"]
[EventDate "2020.01.20"]
[EventType "swiss"]
[EventRounds "5"]
[EventCountry "GGB"]
[SourceTitle "BritBase"]
[Source "John Saunders"]
[SourceDate "2021.06.05"]
[SourceVersion "1"]
[SourceVersionDate "2021.06.05"]
[SourceQuality "1"]

1. d4 Nf6 2. Nf3 g6 3. Nc3 d5 4. Bf4 Bg7 5. e3 O-O 6. Be2 c5 7. Ne5 cxd4 8.
exd4 Nc6 9. O-O Qb6 10. Nxc6 bxc6 11. Na4 Qa5 12. c3 Nd7 13. b4 Qd8 14. b5 Bb7
15. Re1 Rc8 16. Rc1 c5 17. Bf1 cxd4 18. cxd4 Rxc1 19. Bxc1 e5 20. Nc5 Nxc5 21.
dxc5 d4 22. c6 Bc8 23. Bc4 Re8 24. Qa4 Qb6 25. Qb3 Be6 26. Bd2 Bxc4 27. Qxc4
Qc7 28. g3 h5 29. a4 h4 30. Qd5 Bf6 31. a5 Rc8 32. Bb4 h3 33. Qf3 Kg7 34. Bd2
0-1

[Event "Gibraltar Challengers A"]
[Site "Gibraltar"]
[Date "2020.01.21"]
[Round "2.20"]
[White "Kukic, Boris"]
[Black "Hermes, Geoff R"]
[Result "1/2-1/2"]
[WhiteElo "2056"]
[BlackElo "1832"]
[PlyCount "101"]
[EventDate "2020.01.20"]
[EventType "swiss"]
[EventRounds "5"]
[EventCountry "GGB"]
[SourceTitle "BritBase"]
[Source "John Saunders"]
[SourceDate "2021.06.05"]
[SourceVersion "1"]
[SourceVersionDate "2021.06.05"]
[SourceQuality "1"]

1. d4 d6 2. c4 e5 3. Nf3 e4 4. Nfd2 f5 5. e3 Nf6 6. Be2 Be7 7. Nc3 O-O 8. O-O
c6 9. b4 d5 10. Rb1 Be6 11. a4 b6 12. Qb3 Nbd7 13. Ba3 Bf7 14. Rbc1 c5 15. Nxd5
Nxd5 16. cxd5 cxd4 17. exd4 Nf6 18. b5 Bxa3 19. Qxa3 Bxd5 20. Nc4 f4 21. Ne5 f3
22. Bc4 fxg2 23. Rfe1 Bxc4 24. Rxc4 Qd5 25. Qh3 Rae8 26. Rec1 e3 27. fxe3 Ne4
28. Rc8 Nf2 29. Qxg2 Qxg2+ 30. Kxg2 Rxc8 31. Rxc8 Rxc8 32. Kxf2 Rc2+ 33. Kg3
Ra2 34. d5 Kf8 35. Nc6 Ke8 36. e4 Rxa4 37. Kf4 g5+ 38. Kf5 g4 39. e5 Ra5 40.
Ke6 Ra2 41. d6 Rd2 42. Nb4 h5 43. Nd5 h4 44. Nf6+ Kd8 45. Nxg4 Rg2 46. Nf6 Rxh2
47. Kd5 Rd2+ 48. Kc6 Re2 49. Kd5 Rd2+ 50. Kc6 Re2 51. Kd5 1/2-1/2

[Event "Gibraltar Challengers A"]
[Site "Gibraltar"]
[Date "2020.01.21"]
[Round "2.21"]
[White "Tkadlecek, Petr"]
[Black "Huguet, Sergio"]
[Result "0-1"]
[WhiteElo "1775"]
[BlackElo "2055"]
[PlyCount "112"]
[EventDate "2020.01.20"]
[EventType "swiss"]
[EventRounds "5"]
[EventCountry "GGB"]
[SourceTitle "BritBase"]
[Source "John Saunders"]
[SourceDate "2021.06.05"]
[SourceVersion "1"]
[SourceVersionDate "2021.06.05"]
[SourceQuality "1"]

1. d4 Nf6 2. Nf3 g6 3. Bf4 Bg7 4. e3 b6 5. Be2 Bb7 6. c4 O-O 7. Nc3 d6 8. Bg5
Nbd7 9. Qc2 h6 10. Bh4 e5 11. d5 a5 12. Rd1 Nc5 13. O-O Qd7 14. Nd2 Nh7 15. h3
f5 16. Bg3 Nf6 17. a3 a4 18. f3 g5 19. f4 gxf4 20. exf4 e4 21. Bf2 Rfe8 22. Be3
Re7 23. Nb5 Ba6 24. Nd4 Nxd5 25. cxd5 Bxd4 26. Nc4 Bxe3+ 27. Nxe3 Bd3 28. Qd2
Rf8 29. Rf2 Bxe2 30. Qxe2 Nd3 31. Rff1 Qe8 32. Rd2 Rg7 33. Rc2 Qg6 34. g4 Qf6
35. Kh2 Qh4 36. Ng2 Qe7 37. gxf5 Rxf5 38. Rc4 Nc5 39. Ne3 Rf8 40. Rcc1 Qh4 41.
Ng2 Qg3+ 42. Kg1 Rxf4 43. Rxf4 Qxf4 44. Rf1 Qg3 45. Rf2 Nd3 46. Rf1 Nf4 47.
Qxe4 Qxg2+ 48. Qxg2 Nxg2 49. Rf2 Ne3+ 50. Kh2 Nxd5 51. Rf5 Ne7 52. Rf4 Rf7 53.
Rxa4 Rf2+ 54. Kg3 Rxb2 55. Ra8+ Kf7 56. Ra7 Rc2 0-1

[Event "Gibraltar Challengers A"]
[Site "Gibraltar"]
[Date "2020.01.21"]
[Round "2.22"]
[White "Ankitha, Goud Palle"]
[Black "Hladik, Lumir"]
[Result "1/2-1/2"]
[WhiteElo "1761"]
[BlackElo "2018"]
[PlyCount "110"]
[EventDate "2020.01.20"]
[EventType "swiss"]
[EventRounds "5"]
[EventCountry "GGB"]
[SourceTitle "BritBase"]
[Source "John Saunders"]
[SourceDate "2021.06.05"]
[SourceVersion "1"]
[SourceVersionDate "2021.06.05"]
[SourceQuality "1"]

1. Nf3 Nf6 2. c4 e6 3. g3 b6 4. Bg2 Bb7 5. O-O Be7 6. b3 O-O 7. Bb2 d6 8. d4
Nbd7 9. Nc3 Ne4 10. Qc2 Nxc3 11. Bxc3 Nf6 12. d5 exd5 13. Ng5 Ne4 14. Nxe4 dxe4
15. Bxe4 Bxe4 16. Qxe4 Bf6 17. Bxf6 Qxf6 18. e3 Rae8 19. Qb7 Re7 20. Qxa7 Qf3
21. Qa3 h5 22. Qc1 h4 23. Qd1 Qe4 24. Qd5 Qg4 25. Rad1 Re5 26. Rd4 Qe2 27. Qg2
hxg3 28. Qxg3 Re6 29. Rg4 g6 30. h4 Kg7 31. h5 Rh8 32. hxg6 Rxg6 33. Rxg6+ fxg6
34. Kg2 Qxa2 35. Qg4 Qa8+ 36. Kg3 Qe8 37. Qd4+ Kg8 38. Ra1 Rh5 39. Ra7 Rg5+ 40.
Kf3 Rf5+ 41. Ke2 Qb8 42. Ra1 Qf8 43. f4 Qg7 44. Ra8+ Rf8 45. Qd5+ Kh7 46. Qh1+
Kg8 47. Qd5+ Kh7 48. Rxf8 Qxf8 49. b4 Qe7 50. b5 Qd7 51. Kd3 Kg7 52. Qd4+ Kh7
53. Qe4 Kg7 54. Qd4+ Kh7 55. Qe4 Kg7 1/2-1/2

[Event "Gibraltar Challengers A"]
[Site "Gibraltar"]
[Date "2020.01.21"]
[Round "2.23"]
[White "Filipovich, David"]
[Black "Nergard, Ole-Kristian"]
[Result "1/2-1/2"]
[WhiteElo "1995"]
[BlackElo "1667"]
[PlyCount "90"]
[EventDate "2020.01.20"]
[EventType "swiss"]
[EventRounds "5"]
[EventCountry "GGB"]
[SourceTitle "BritBase"]
[Source "John Saunders"]
[SourceDate "2021.06.05"]
[SourceVersion "1"]
[SourceVersionDate "2021.06.05"]
[SourceQuality "1"]

1. Nf3 d5 2. g3 Nf6 3. Bg2 Bf5 4. c4 c6 5. b3 e6 6. Bb2 h6 7. O-O Nbd7 8. d3
Be7 9. Nbd2 O-O 10. Rc1 a5 11. a3 Bd6 12. Re1 e5 13. cxd5 cxd5 14. e4 dxe4 15.
dxe4 Be6 16. Nc4 Bxc4 17. Qxd6 Bxb3 18. Nxe5 Nxe5 19. Qxe5 Qb6 20. Qc7 Qxc7 21.
Rxc7 Rab8 22. e5 Nd5 23. Rc5 Rfd8 24. Rxa5 b5 25. Ra7 Nb6 26. e6 Bxe6 27. Be5
Ra8 28. Bxa8 Rxa8 29. Rxa8+ Nxa8 30. Rd1 Nb6 31. Rd8+ Kh7 32. Bd6 Nc4 33. Bc5
Ne5 34. f4 Nd7 35. Bd4 Kg6 36. Ra8 Nf6 37. Rb8 Bc4 38. Rb6 Kf5 39. Bxf6 gxf6
40. Rc6 Bd3 41. Rc5+ Kg6 42. Kf2 f5 43. Ke3 Bf1 44. Rc1 Bg2 45. Kd4 Bf3 1/2-1/2

[Event "Gibraltar Challengers A"]
[Site "Gibraltar"]
[Date "2020.01.21"]
[Round "2.27"]
[White "Vinal Gutierrez, Pedro"]
[Black "Fischer, Robert"]
[Result "1-0"]
[WhiteElo "2069"]
[BlackElo "1923"]
[PlyCount "79"]
[EventDate "2020.01.20"]
[EventType "swiss"]
[EventRounds "5"]
[EventCountry "GGB"]
[SourceTitle "BritBase"]
[Source "John Saunders"]
[SourceDate "2021.06.05"]
[SourceVersion "1"]
[SourceVersionDate "2021.06.05"]
[SourceQuality "1"]

1. d4 d5 2. Bf4 c5 3. e3 cxd4 4. exd4 Nc6 5. c3 Bf5 6. Qb3 Qd7 7. Nf3 e6 8.
Nbd2 Nf6 9. Ne5 Qc8 10. Be2 Be7 11. g4 Bg6 12. h4 h5 13. Nxg6 fxg6 14. g5 Nd7
15. Bg3 Nf8 16. Nf3 Bd8 17. O-O Bc7 18. Kg2 Bxg3 19. fxg3 Qc7 20. Rae1 O-O-O
21. Bb5 Ne7 22. Ne5 Nf5 23. Rf3 Kb8 24. Bd3 Rd6 25. Qc2 Rb6 26. Re2 Rg8 27. Qd2
Qc8 28. a4 Qe8 29. a5 Rd6 30. Qf4 Ka8 31. Rff2 Rd8 32. b4 Nd6 33. a6 b6 34. Nf7
Nxf7 35. Qxf7 Qxf7 36. Rxf7 Rd6 37. Bb5 Kb8 38. Ref2 Nh7 39. Rb7+ Kc8 40. Rxa7
1-0

[Event "Gibraltar Challengers A"]
[Site "Gibraltar"]
[Date "2020.01.21"]
[Round "2.28"]
[White "Lung, Liviu-Catalin"]
[Black "Brown, David"]
[Result "1-0"]
[WhiteElo "2041"]
[BlackElo "1916"]
[PlyCount "90"]
[EventDate "2020.01.20"]
[EventType "swiss"]
[EventRounds "5"]
[EventCountry "GGB"]
[SourceTitle "BritBase"]
[Source "John Saunders"]
[SourceDate "2021.06.05"]
[SourceVersion "1"]
[SourceVersionDate "2021.06.05"]
[SourceQuality "1"]

1. e4 e5 2. Nf3 Nc6 3. Bb5 Nge7 4. c3 d6 5. d4 Bd7 6. O-O Ng6 7. Nbd2 Be7 8.
Re1 O-O 9. Nf1 Nh4 10. Bxc6 Nxf3+ 11. Qxf3 Bxc6 12. Ng3 Bg5 13. Qg4 Bxc1 14.
Raxc1 Qf6 15. d5 Be8 16. c4 b6 17. Rc3 a5 18. Rf3 Qg6 19. Qh4 f6 20. Nf5 Qh5
21. Qg3 g6 22. h3 Bd7 23. Ne3 f5 24. exf5 Bxf5 25. Qh2 Bd7 26. g4 Qh6 27. Rg3
Rf4 28. b3 Raf8 29. Rf1 Rf3 30. Qg2 e4 31. Re1 Qh4 32. Nf1 Rxf2 33. Qxf2 Rxf2
34. Kxf2 Qf6+ 35. Kg1 Qd4+ 36. Rge3 h5 37. gxh5 gxh5 38. Ng3 Bxh3 39. Nxe4 h4
40. Kh2 Bg4 41. Nf2 Qf4+ 42. Kg1 Bf3 43. Re8+ Kg7 44. R1e7+ Kg6 45. Rg8+ Kh6
1-0

[Event "Gibraltar Challengers A"]
[Site "Gibraltar"]
[Date "2020.01.21"]
[Round "2.29"]
[White "Rakotomaharo, Yves Andre"]
[Black "Tranter, Stephen"]
[Result "0-1"]
[WhiteElo "2020"]
[BlackElo "1899"]
[PlyCount "112"]
[EventDate "2020.01.20"]
[EventType "swiss"]
[EventRounds "5"]
[EventCountry "GGB"]
[SourceTitle "BritBase"]
[Source "John Saunders"]
[SourceDate "2021.06.05"]
[SourceVersion "1"]
[SourceVersionDate "2021.06.05"]
[SourceQuality "1"]

1. d4 e6 2. e4 b6 3. Bd3 Bb7 4. Nf3 Nf6 5. Qe2 c5 6. c3 Nc6 7. d5 Ne7 8. c4 d6
9. dxe6 fxe6 10. Bg5 e5 11. Nc3 Qd7 12. O-O-O O-O-O 13. Bc2 Nc6 14. Ba4 Qf7 15.
Nd5 Ne7 16. Kb1 Nfxd5 17. cxd5 h6 18. Bc1 g5 19. Nd2 Ng6 20. g3 Be7 21. Bb5 h5
22. h3 Rdf8 23. Rdf1 Rh7 24. a4 Bd8 25. Nc4 Kc7 26. Ne3 Ne7 27. a5 Qf3 28.
axb6+ axb6 29. Qc2 h4 30. Be2 Qf7 31. Qa4 Ng6 32. Bg4 Qe8 33. Qxe8 Rxe8 34. Bf5
Rg7 35. Ng4 Ba6 36. Rd1 Rf8 37. Bxg6 Rxg6 38. gxh4 gxh4 39. Rhe1 Bc8 40. Rf1
Bxg4 41. hxg4 Rxg4 42. f3 Rg2 43. f4 Re2 44. fxe5 Rxf1 45. exd6+ Kxd6 46. e5+
Rxe5 47. Rxf1 Rxd5 48. Bf4+ Kc6 49. Rg1 Kb5 50. Rg6 Rf5 51. Bb8 Bf6 52. Rg2 h3
53. Rh2 Rf3 54. Kc2 Kc4 55. Bc7 b5 56. Re2 Bd4 0-1

[Event "Gibraltar Challengers A"]
[Site "Gibraltar"]
[Date "2020.01.21"]
[Round "2.30"]
[White "Gostelow, David W"]
[Black "Kozarcanin, Sead"]
[Result "1-0"]
[WhiteElo "1901"]
[BlackElo "2019"]
[PlyCount "100"]
[EventDate "2020.01.20"]
[EventType "swiss"]
[EventRounds "5"]
[EventCountry "GGB"]
[SourceTitle "BritBase"]
[Source "John Saunders"]
[SourceDate "2021.06.05"]
[SourceVersion "1"]
[SourceVersionDate "2021.06.05"]
[SourceQuality "1"]

1. d4 d5 2. Bf4 c5 3. e3 Nc6 4. c3 e6 5. Nf3 Bd6 6. Bg3 Nf6 7. Nbd2 O-O 8. Bd3
h6 9. Ne5 Qc7 10. f4 Nd7 11. O-O f5 12. Bh4 Nf6 13. Bxf6 Rxf6 14. Rf2 Bd7 15.
Qh5 Be8 16. Qe2 g5 17. g3 Qg7 18. Kh1 g4 19. Rg1 h5 20. h3 Rh6 21. Rh2 Bxe5 22.
dxe5 Rd8 23. hxg4 hxg4 24. Rgg2 d4 25. e4 dxc3 26. bxc3 Ne7 27. Rxh6 Qxh6+ 28.
Rh2 Qg6 29. Nc4 Bc6 30. Nd6 fxe4 31. Bxe4 Rxd6 32. exd6 Bxe4+ 33. Kg1 Nc6 34.
Rh4 Bf3 35. Qd2 c4 36. Kf2 Qf5 37. d7 Qc5+ 38. Qe3 Qf5 39. Qd2 Bd5 40. Rh6 Kg7
41. Rh4 Kf7 42. Qe2 Bf3 43. Qd2 Ke7 44. Rh8 Qc5+ 45. Qe3 Qxe3+ 46. Kxe3 Nd8 47.
Rh7+ Kd6 48. Kd4 Nc6+ 49. Kxc4 Be4 50. Rg7 Bf5 1-0

[Event "Gibraltar Challengers A"]
[Site "Gibraltar"]
[Date "2020.01.21"]
[Round "2.31"]
[White "Verhoef, Jaap"]
[Black "O'Neil, Jim"]
[Result "1/2-1/2"]
[WhiteElo "2015"]
[BlackElo "1870"]
[PlyCount "129"]
[EventDate "2020.01.20"]
[EventType "swiss"]
[EventRounds "5"]
[EventCountry "GGB"]
[SourceTitle "BritBase"]
[Source "John Saunders"]
[SourceDate "2021.06.05"]
[SourceVersion "1"]
[SourceVersionDate "2021.06.05"]
[SourceQuality "1"]

1. e4 c5 2. Nf3 d6 3. d4 cxd4 4. Nxd4 Nf6 5. Nc3 a6 6. Bg5 e6 7. f4 Be7 8. Qf3
Nbd7 9. Bc4 h6 10. Bxf6 Nxf6 11. f5 e5 12. Nde2 b5 13. Bb3 Bb7 14. Ng3 Rc8 15.
Nh5 Nxh5 16. Qxh5 O-O 17. O-O-O Rxc3 18. bxc3 Qa5 19. Rd3 Bxe4 20. Rg3 Bg5+ 21.
Rxg5 hxg5 22. Qxg5 Qd8 23. Qg4 d5 24. Rf1 Qf6 25. Qd1 Rd8 26. g4 Qh6+ 27. Qd2
f6 28. Re1 Kf8 29. h4 Qxd2+ 30. Kxd2 Ke7 31. Ke3 Rh8 32. h5 Rc8 33. Kd2 Kd6 34.
Re3 Bg2 35. Rg3 Be4 36. g5 Bxf5 37. gxf6 gxf6 38. Rf3 Be6 39. Rxf6 e4 40. h6
Rh8 41. Rg6 Ke5 42. Rg5+ Kf6 43. Rh5 Kg6 44. Re5 Bf7 45. Ke3 Kf6 46. Kd4 Rd8
47. h7 Kg7 48. Rf5 Rd7 49. Rxf7+ Rxf7 50. Bxd5 Rd7 51. Kxe4 Kxh7 52. c4 bxc4
53. Bxc4 a5 54. Bd5 Kg7 55. Ke5 Kf8 56. c4 Ke7 57. c5 Kd8 58. c6 Rh7 59. Kd6
Rc7 60. a4 Ra7 61. Be6 Rc7 62. Kc5 Re7 63. Kd6 Rc7 64. Bd7 Rxd7+ 65. cxd7
1/2-1/2

[Event "Gibraltar Challengers A"]
[Site "Gibraltar"]
[Date "2020.01.21"]
[Round "2.32"]
[White "Kaplan, Amiram"]
[Black "Bujakevich, Aleksandr"]
[Result "0-1"]
[WhiteElo "1880"]
[BlackElo "2014"]
[PlyCount "54"]
[EventDate "2020.01.20"]
[EventType "swiss"]
[EventRounds "5"]
[EventCountry "GGB"]
[SourceTitle "BritBase"]
[Source "John Saunders"]
[SourceDate "2021.06.05"]
[SourceVersion "1"]
[SourceVersionDate "2021.06.05"]
[SourceQuality "1"]

1. e4 e5 2. Nf3 Nc6 3. Bb5 a6 4. Ba4 Nf6 5. O-O b5 6. Bb3 Bb7 7. Re1 Bc5 8. c3
d6 9. d4 Bb6 10. Bg5 h6 11. Bh4 Qe7 12. d5 Na5 13. Bc2 g5 14. Bg3 Nh5 15. b3
Nxg3 16. hxg3 Bc8 17. a4 bxa4 18. Rxa4 Bd7 19. Ra2 h5 20. Bd3 h4 21. gxh4 g4
22. b4 gxf3 23. g3 Nb7 24. Rxa6 Rxa6 25. Bxa6 Rg8 26. Qxf3 Qxh4 27. Kf1 Qh2 0-1

[Event "Gibraltar Challengers A"]
[Site "Gibraltar"]
[Date "2020.01.21"]
[Round "2.34"]
[White "Niharika, Ch"]
[Black "Skutta, Bernd"]
[Result "0-1"]
[WhiteElo "1865"]
[BlackElo "1998"]
[PlyCount "64"]
[EventDate "2020.01.20"]
[EventType "swiss"]
[EventRounds "5"]
[EventCountry "GGB"]
[SourceTitle "BritBase"]
[Source "John Saunders"]
[SourceDate "2021.06.05"]
[SourceVersion "1"]
[SourceVersionDate "2021.06.05"]
[SourceQuality "1"]

1. e4 g6 2. d4 Bg7 3. Nc3 c6 4. Be3 d5 5. f3 Qb6 6. Qd2 Qxb2 7. Rb1 Qa3 8. Rb3
Qa5 9. exd5 Nf6 10. dxc6 bxc6 11. Nge2 O-O 12. Nf4 Nbd7 13. Bd3 e5 14. dxe5
Nxe5 15. O-O Nxd3 16. cxd3 Ba6 17. Rd1 Rfe8 18. Ne4 Qe5 19. Ne2 c5 20. N2g3
Nxe4 21. dxe4 c4 22. Ra3 c3 23. Qc2 Bb5 24. Rd5 Qxd5 25. exd5 Rxe3 26. h3 Bd3
27. Qc1 Rae8 28. Ne4 Bd4 29. Kh1 Bxe4 30. fxe4 R8xe4 31. Qc2 Re1+ 32. Kh2 Be5+
0-1

[Event "Gibraltar Challengers A"]
[Site "Gibraltar"]
[Date "2020.01.21"]
[Round "2.35"]
[White "Garcia-Blazquez Perez, Manuel"]
[Black "Cannon, Richard J"]
[Result "1/2-1/2"]
[WhiteElo "1825"]
[BlackElo "1990"]
[PlyCount "113"]
[EventDate "2020.01.20"]
[EventType "swiss"]
[EventRounds "5"]
[EventCountry "GGB"]
[SourceTitle "BritBase"]
[Source "John Saunders"]
[SourceDate "2021.06.05"]
[SourceVersion "1"]
[SourceVersionDate "2021.06.05"]
[SourceQuality "1"]

1. e4 e6 2. d4 d5 3. Bd3 Nf6 4. e5 Nfd7 5. f4 c5 6. c3 Nc6 7. Nf3 cxd4 8. cxd4
Qb6 9. Bc2 Nb4 10. O-O Nxc2 11. Qxc2 Be7 12. Nc3 O-O 13. a3 a5 14. Be3 Qa6 15.
Ng5 g6 16. f5 exf5 17. Nxd5 Bd8 18. b4 Nb6 19. Nxb6 Bxb6 20. Qb3 h6 21. Nf3 Be6
22. Qb2 Kg7 23. Qd2 Rh8 24. b5 Qxb5 25. Rab1 Bb3 26. d5 a4 27. Nd4 Qxd5 28.
Rxb3 Bxd4 29. Bxd4 Qxb3 30. e6+ f6 31. Bxf6+ Kxf6 32. Qd4+ Ke7 33. Qd7+ Kf6 34.
Qf7+ Ke5 35. Re1+ Kd4 36. Qd7+ Kc5 37. Re5+ Kc4 38. Qd5+ Kc3 39. Re3+ Kb2 40.
Qd2+ Qc2 41. Qd4+ Ka2 42. Qd5+ Qb3 43. Re2+ Kb1 44. Re1+ Ka2 45. Re2+ Kb1 46.
Re1+ Ka2 47. Re2+ Kb1 48. Qd2 Ka1 49. Qd4+ Kb1 50. Qd2 Ka1 51. Re1+ Qb1 52.
Qc3+ Ka2 53. Qc4+ Qb3 54. Re2+ Kb1 55. Re1+ Ka2 56. Re2+ Kb1 57. Re1+ 1/2-1/2